30 Facts That Start with 'I' Quiz Stats

 Plays Quiz Updated Nov 7, 2017

Also try: Not One
Challenge
Share
Tweet
Embed
Score 0/30 Timer 05:00
0 Plays Today
Question Answer % Correct
What object caused the sinking of the Titanic in 1912?Iceberg
99%
What imperial measurement is equal to 2.54cm?Inch
93.2%
What does the 'I' in the organization C.I.A. stand for?Intelligence
90.3%
'The Terrible' was an epithet given to the fourth Russian Tsar with what name?Ivan
88.5%
Springfield is the capital of what U.S. state?Illinois
84%
Tony Stark is the alter-ego of which super hero?Iron Man
81.6%
Ingvar Kamprad is the founder of what Swedish company?IKEA
76.7%
What surname is shared by father and son singers Julio and Enrique?Iglesias
74.9%
Constantinople was a former name of what city?Istanbul
73.8%
In the Bible, who was the father of Jacob and Esau?Isaac
72.7%
In Greek myth, whose wings melted when he flew too close to the Sun?Icarus
70.1%
In mathematics, what name is given to any positive or negative whole number?Integer
68.2%
The three main types of rock are metamorphic, sedimentary and what else?Igneous
67.9%
What name is given to a triangle with two sides of equal length?Isosceles
65.2%
Claude Monet was a founder of what artistic movement?Impressionism
64.6%
Question Answer % Correct
Which photo-sharing service was founded by Kevin Systrom and Mike Krieger in 2010?Instagram
64.6%
How is 15th March 44 B.C. known, the date of Julius Caesar's assassination?Ides of March
64.5%
On what peninsula do Spain and Portugal lie?Iberian
62.4%
The first line of the novel 'Moby Dick' is 'Call Me....' what?Ishmael
60.4%
Basra is a port in what country?Iraq
55%
Robert Neville and his dog Samantha are characters in what Will Smith film?I Am Legend
53.7%
'It's like ten thousand spoons when all you need is a knife' is a line from what song?Ironic
52%
In what 2009 film did Morgan Freeman play Nelson Mandela?Invictus
47.5%
Which chemical element gets its name from the Greek for 'violet'?Iodine
38%
Which Norwegian playwright wrote 'Peer Gynt' and 'A Doll's House'?Ibsen (Henrik)
35.2%
Rip Van Winkle is a character created by what U.S. author?Irving (Washington)
26%
What is traditionally given on a 14th wedding anniversary?Ivory
25.6%
Will, Jay, Simon and Neil are characters in TV comedy 'The...' what?Inbetweeners
20.4%
'Replay' in 2009 and 'Solo' in 2010 were hits for which rapper?Iyaz
15.3%
In 2001, which Croat became the first 'wild card' entry to win Wimbledon?Ivanišević (Goran)
12.3%

You're not logged in!

Compare scores with friends on all Sporcle quizzes.
Join for Free
OR
Log In

You Might Also Like...

Show Comments

Extras

Top Quizzes Today


Score Distribution

Your Account Isn't Verified!

In order to create a playlist on Sporcle, you need to verify the email address you used during registration. Go to your Sporcle Settings to finish the process.

Report this User

Report this user for behavior that violates our Community Guidelines.

Details: